000 00762nam a22002057a 4500
999 _c18091
_d18091
005 20251125232903.0
008 s2514 th tha d
040 _aNALT
041 _atha
245 1 0 _aพยานทางแพทย์
260 3 _aกรุงเทพฯ :
_bนิติวิทยาศาสตร์สมาคมแห่งประเทศไทย,
_c2514
300 _a104 หน้า ;
_b 26 ซม.
650 0 4 _aพยานทางแพทย์
650 0 4 _aพยานหลักฐาน
850 _aNALT
856 4 0 _uhttps://hdl.handle.net/20.500.14156/461921
_71
942 _cLB
_2lcc
998 _j25
_k นีลวัสน์ อินทรักษา
090 _aKT84 น588พ 2514